000 00734nam a22002537a 4500
003 UA-OsUOA
001 29303
007 ta
008 20041006b un ||||| |||| 00| 0 ukr d
100 _aКорж А.В.
090 _a34
_bК66
942 _cBK
040 _aUA-OsUOA
_bukr
_cUA-OsUOA
_dUA-OsUOA
245 _aЮридичне документування
_bНавчальний посібник для студентів вищих закладів освіти Міністерства внутрішніх справ України
300 _a168 с.
955 _a0
041 _aukr
080 _a34
020 _a966-02-1809-5
260 _aКиїв
_c2001
044 _aUA
650 7 _2UDC
999 _c315688
_d315688